| 000 | 00784nam a22002537a 4500 | ||
|---|---|---|---|
| 003 | OSt | ||
| 005 | 20220107122848.0 | ||
| 008 | 190328b xxu||||| |||| 00| 0 eng d | ||
| 020 | _a9780321504814 | ||
| 040 | _cIIITMK | ||
| 082 | _a658.472 COL/A | ||
| 100 |
_aCollier, Ken _915336 |
||
| 245 |
_aAgile analytics: _bA value driven approach to business intelligence and data warehousing _cKen Collier |
||
| 260 |
_aUSA, _bAddison Wesley, _c2012. |
||
| 300 | _axxxv, 329p. | ||
| 650 |
_aMANAGEMENT SCIENCE _915495 |
||
| 650 |
_aBUSINESS INTELLIGENCE _915496 |
||
| 650 |
_aAGILE ANALYTICS _915497 |
||
| 650 |
_aDATA WAREHOUSING _915498 |
||
| 650 |
_aMANAGEMENT INFORMATION SYSTEM _915499 |
||
| 650 |
_aDATA PROCESSING _915500 |
||
| 650 |
_aPROJECT MANAGEMENT _915501 |
||
| 942 |
_2ddc _cBK |
||
| 999 |
_c6391 _d6391 |
||